La géopolitique, tout simplement (notice n° 1558172)
[ vue normale ]
| 000 -LEADER | |
|---|---|
| fixed length control field | 02360cam a2200289zu 4500 |
| 003 - CONTROL NUMBER IDENTIFIER | |
| control field | FRCYB88921226 |
| 005 - DATE AND TIME OF LATEST TRANSACTION | |
| control field | 20251020125407.0 |
| 008 - FIXED-LENGTH DATA ELEMENTS--GENERAL INFORMATION | |
| fixed length control field | 251020s2021 fr | o|||||0|0|||fre d |
| 020 ## - INTERNATIONAL STANDARD BOOK NUMBER | |
| International Standard Book Number | 9782416003325 |
| 035 ## - SYSTEM CONTROL NUMBER | |
| System control number | FRCYB88921226 |
| 040 ## - CATALOGING SOURCE | |
| Original cataloging agency | FR-PaCSA |
| Language of cataloging | fr |
| Transcribing agency | |
| Description conventions | rda |
| 100 1# - MAIN ENTRY--PERSONAL NAME | |
| Personal name | Sénéquier, Anne |
| 245 01 - TITLE STATEMENT | |
| Title | La géopolitique, tout simplement |
| Remainder of title | Comprendre le monde et les relations internationales |
| Statement of responsibility, etc. | ['Sénéquier, Anne', 'Boniface, Pascal'] |
| 264 #1 - PRODUCTION, PUBLICATION, DISTRIBUTION, MANUFACTURE, AND COPYRIGHT NOTICE | |
| Name of producer, publisher, distributor, manufacturer | Eyrolles |
| Date of production, publication, distribution, manufacture, or copyright notice | 2021 |
| 300 ## - PHYSICAL DESCRIPTION | |
| Extent | p. |
| 336 ## - CONTENT TYPE | |
| Content type code | txt |
| Source | rdacontent |
| 337 ## - MEDIA TYPE | |
| Media type code | c |
| Source | rdamdedia |
| 338 ## - CARRIER TYPE | |
| Carrier type code | c |
| Source | rdacarrier |
| 520 ## - SUMMARY, ETC. | |
| Summary, etc. | Crise de la Covid-19, dérèglement climatique, montée en puissance de la Chine, retour de l'Amérique avec Biden... Chaque jour, les nouvelles du monde nous prouvent que ce qui se passe à l'extérieur de nos frontières ne nous est pas étranger. Mais comment s'y retrouver dans ce flux d'informations, sans se sentir désarmé ? Conçu comme une référence familiale, ce livre entièrement illustré constitue une introduction pédagogique et ludique à la géopolitique et aux relations internationales. Enrichi de dessins évocateurs, de photos d'archives et de cartes détaillées, il propose une approche divertissante et originale de l'actualité, selon trois axes : Des REPÈRES HISTORIQUES, car on comprend mieux les événements d'aujourd'hui quand on connaît le monde d'hier. Des FOCUS RÉGIONAUX pour cerner les problématiques spécifiques des différentes régions du monde. Des QUESTIONS CONTEMPORAINES afin de mieux appréhender les enjeux du monde actuel. S'appuyant sur une mise en page dynamique, chacun des chapitres, très structuré, vous permettra de vous informer, en fonction de votre niveau de connaissances et de votre degré de curiosité : un aperçu rapide vous permettra d'aller à l'essentiel, des zooms vous aideront à intégrer les notions clés et des approfondissements vous inviteront à aller plus loin. Attention, cet epub est un format fixed layout. Pour une bonne lisibilité, utilisez de préférence une tablette ou un smartphone. |
| 650 #0 - SUBJECT ADDED ENTRY--TOPICAL TERM | |
| Topical term or geographic name entry element | |
| 700 0# - ADDED ENTRY--PERSONAL NAME | |
| Personal name | Sénéquier, Anne |
| 700 0# - ADDED ENTRY--PERSONAL NAME | |
| Personal name | Boniface, Pascal |
| 856 40 - ELECTRONIC LOCATION AND ACCESS | |
| Access method | Cyberlibris |
| Uniform Resource Identifier | <a href="https://international.scholarvox.com/netsen/book/88921226">https://international.scholarvox.com/netsen/book/88921226</a> |
| Electronic format type | text/html |
| Host name | |
Pas d'exemplaire disponible.




Réseaux sociaux